000 00970nam0a2200289 4500
001 RU\NLR\BIBL_A\012379205
005 20250624022425.0
010 _99000
035 _a(NLR Aleph) 012379205
090 _a13301577
_c13301577
100 _a20201016d1981 |||y0rusy50 ca
101 0 _achv
102 _aRU
105 _ay z 000 y
181 0 _ai
_baxxe
182 0 _an
200 1 _aСěреке
_eкалавсем, фельетонсем, юптарусем, кěске шӳтсем
_fВиталий Енӗш
203 _aТекст
_bвизуальный
_cнепосредственный
210 _aШупашкар
_cЧӑваш кӗнеке изд-ви
_d1981
215 _a157,[2] с.
_d21
541 1 _aБредень
_eюмор. рассказы
_zrus
686 1 _aШ6(2=Чув.)7-7
700 1 _aЕнеш
_bВ.Г.
_f1941-
_gВиталий Григорьевич
_4070
852 _aNLR
_bОНЛ
_jЧув./3-3151
942 _cBOOK
980 _aNB